000 00550nam a2200193 i 4500
001 117577
003 ES-MaACL
005 20230906190931.0
007 t|
008 070214s1925 it r ||||1| ita d
100 1 _aPanzini, Alfredo.
_988834
245 1 3 _aLa Pulcella senza pulcellaggio
_b: (romanzo d'altri tempi) /
_cAlfredo Panzini.
260 _aMilano :
_bA. Mondadori,
_c1925.
300 _a270 p. ;
_c19 cm.
490 1 _aI Libri azzurri
830 0 _aI Libri azzurri
_9233360
852 _aES-MaACL
_jA-2237
999 _c117577
_d117577